00301nam a2200121Ia 4500008004100000100002900041245004200070260002200112300000900134650001200143942000700155999001700162190216s9999||||xx |||||||||||||| ||und|| aVinayak Damodar Savarkar 4aThe Indian War Of Independence Of1857 bKishore Pubc1967 a497p aHistory cBK c18860d18860